000
00214 a2200097 4500
001
2909
100
_a
Shahid Hassan
245
_a
Atlas of 20th century W/Fair
260
_a
_b
Gallery books
_c
090
_c
2202
_d
2202
942
_a
NUST-CAE
_c
M
_c
13359
999
_c
237982
_d
237982